| 000 | 00393 a2200145 4500 | ||
|---|---|---|---|
| 005 | 20260312112701.0 | ||
| 008 | 260312b |||||||| |||| 00| 0 eng d | ||
| 020 | _a9781119891154 | ||
| 041 | _aEnglish | ||
| 100 |
_aVanelli-Coralli A. _9217063 |
||
| 245 |
_a5G Non-Terrestrial Networks _b: Technologies, Standards, And System Design |
||
| 260 |
_bWILLY _c2024 |
||
| 300 | _a300 | ||
| 942 | _cAR | ||
| 999 |
_c370404 _d370404 |
||